Les équipes championnes NBA - Mort Subite - Statistiques

Statistiques générales
  • Ce quiz a été pris 2 270 fois
    2 196 depuis la dernière actualisation
  • Le résultat moyen est 12 sur 20
Answers on the Grid
Answers color-coded by a green-red scale on the quiz's grid according to % correct below.
Los Angeles Lakers
Phoenix Suns
Toronto Raptors
Boston Celtics
Milwaukee Bucks
Indiana Pacers
Utah Jazz
San Antonio Spurs
Miami Heat
New Orleans Pelicans
Cleveland Cavaliers
Charlotte Hornets
Golden State Warriors
Detroit Pistons
Orlando Magic
Philadelphia 76ers
Portland Trail Blazers
Memphis Grizzlies
Washington Wizards
Atlanta Hawks
Los Angeles Clippers
Chicago Bulls
Sacramento Kings
Minnesota Timberwolves
Oklahoma CIty Thunder
Houston Rockets
Brooklyn Nets
New York Knicks
Denver Nuggets
Dallas Mavericks
 
Statistiques - réponses
Réponse % Correct
Los Angeles Lakers
98%
Boston Celtics
84%
San Antonio Spurs
77%
Milwaukee Bucks
76%
Miami Heat
74%
Golden State Warriors
73%
Cleveland Cavaliers
71%
Toronto Raptors
70%
Chicago Bulls
65%
Denver Nuggets
58%
New York Knicks
58%
Detroit Pistons
56%
Dallas Mavericks
54%
Philadelphia 76ers
53%
Houston Rockets
51%
Oklahoma CIty Thunder
44%
Atlanta Hawks
36%
Portland Trail Blazers
36%
Washington Wizards
33%
Sacramento Kings
29%
Aucun quiz correspondant
Distribution des résultats
% des personnes avec chaque résultat
Percentile par nombre de réponses
Votre historique - résultats
Vous n’avez pas pris ce quiz depuis la dernière actualisation